Los últimos románticos

Salvato in:
Dettagli Bibliografici
Autore principale: Baroja, Pío (Autore)
Natura: Libro
Lingua:spagnolo
Pubblicazione: Buenos Aires Espasa-Calpe 1947
Edizione:2a. ed
Serie:Colección Austral, 445
Soggetti:
Tags: Aggiungi Tag
Nessun Tag, puoi essere il primo ad aggiungerne!!

MARC

LEADER 00000nam a2200000 a 4500
001 UCQ6205
003 CL-VaPUC
008 981009e19470000AG |||||||||||||||||spa|d
082 0 4 |a 863  |b BAR  |2 21 
100 0 |a Baroja, Pío  |e author  |9 322211 
245 1 4 |a Los últimos románticos 
250 |a 2a. ed 
300 |a 165 p 
942 |c BK 
945 |d 19981009 00:00:00  |a crobeson 
260 |a Buenos Aires  |b Espasa-Calpe  |c 1947 
650 0 |a Novelas españolas  |9 265052 
650 0 |a Literatura española  |9 306261 
583 |a last modification  |c 20160602 17:24:24  |k Rodrigo Vera 
490 0 |a Colección Austral, 445 
999 |c 276207  |d 276205 
952 |0 0  |1 0  |4 0  |6 863_000000000000000_BAR_1947  |7 0  |8 A  |9 313354  |a BIBEDU  |b BIBEDU  |d 2019-11-20  |i 1476920  |o 863 BAR 1947  |p 1476920  |r 2019-11-20  |w 2019-11-20  |y BK  |k LIT 
952 |0 0  |1 0  |4 0  |6 863_000000000000000_BAR_1947  |7 0  |8 A  |9 313355  |a BIBEDU  |b BIBEDU  |d 2019-11-20  |i 1337912  |o 863 BAR 1947  |p 1337912  |r 2019-11-20  |w 2019-11-20  |y BK  |k LIT